000 01129cam a2200253 4500
001 WB4020-13
008 040525n2004 000 0 eng u
035 _a(Sirsi) u126285
245 _aRights to buy reform in Scotland gathers pace
260 _c2004
490 _aScottish Executive News Release
_v(Seen867/2004) 21 May 2004 (3)
520 _aRural and crofting communities in Scotland moved one step closer to being able to purchase land following the laying of nine sets of regulations in the Scottish Parliament for the two rights to buy in Parts Two and Three of the Land Reform (Scotland) Act 2003. The Land Reform (Scotland) Act 2003 is available at http://www.scotland-legislation.hmso.gov.uk/legisl ation/scotland/acts2003/20030002.htm. http://www.scotland.gov.uk/pages/news/2004/05/SEen 867.aspx
590 _aWB
590 _aWB
650 _aLAND PURCHASE
650 _aRURAL COMMUNITIES
650 _aCROFTING
650 _aCOMMUNITY RIGHT TO BUY
650 _aLAND REFORM
650 _aLAND REFORM (SCOTLAND) ACT 2003
650 _aSCOTLAND
690 _aPROPERTY AND LAND LAW
942 _n0
999 _c117395
_d117395